<?xml version="1.0" encoding="UTF-8"?>
<record
    xmlns:xsi="http://www.w3.org/2001/XMLSchema-instance"
    xsi:schemaLocation="http://www.loc.gov/MARC21/slim http://www.loc.gov/standards/marcxml/schema/MARC21slim.xsd"
    xmlns="http://www.loc.gov/MARC21/slim">

  <leader>00949nam a22001457a 4500</leader>
  <controlfield tag="008">120831t        xxu||||| |||| 00| 0 eng d</controlfield>
  <datafield tag="020" ind1=" " ind2=" ">
    <subfield code="a">0079115942</subfield>
  </datafield>
  <datafield tag="050" ind1=" " ind2=" ">
    <subfield code="a">HM51.F32</subfield>
  </datafield>
  <datafield tag="100" ind1=" " ind2=" ">
    <subfield code="a">Feigelman, William</subfield>
  </datafield>
  <datafield tag="245" ind1=" " ind2=" ">
    <subfield code="a">Hands on sociology: using computers to learn about society. /</subfield>
    <subfield code="c">William Feigelman</subfield>
  </datafield>
  <datafield tag="260" ind1=" " ind2=" ">
    <subfield code="a">New York:</subfield>
    <subfield code="b">McGraw-Hill,</subfield>
    <subfield code="c">1993.</subfield>
  </datafield>
  <datafield tag="300" ind1=" " ind2=" ">
    <subfield code="a">v,151 p:</subfield>
    <subfield code="c">25cm.</subfield>
  </datafield>
  <datafield tag="505" ind1=" " ind2=" ">
    <subfield code="a">Contents: Doing sociological research and using survey data -- How to  use your student version of microcase with your computer -- Getting started: Analyzing the correlates of abortion attitudes -- Some finer points in doing crosstabulating analyses -- Culture -- Socialization -- Social satisfaction -- Race and ethnic relations -- Urbanization -- The American family -- Appendix A: Distribution of chi-square probabilities -- Appendix B: List of variable labels -- Appendix C: List of variables, descriptions, and values quick reference.</subfield>
  </datafield>
  <datafield tag="942" ind1=" " ind2=" ">
    <subfield code="2">lcc</subfield>
    <subfield code="c">BK</subfield>
  </datafield>
  <datafield tag="999" ind1=" " ind2=" ">
    <subfield code="c">2286</subfield>
    <subfield code="d">9786</subfield>
  </datafield>
  <datafield tag="952" ind1=" " ind2=" ">
    <subfield code="0">0</subfield>
    <subfield code="1">0</subfield>
    <subfield code="2">lcc</subfield>
    <subfield code="4">0</subfield>
    <subfield code="7">0</subfield>
    <subfield code="a">WIUC-1</subfield>
    <subfield code="b">WIUC-1</subfield>
    <subfield code="c">GEN</subfield>
    <subfield code="d">2012-08-31</subfield>
    <subfield code="l">0</subfield>
    <subfield code="o">HM51.F32</subfield>
    <subfield code="p">3315/12</subfield>
    <subfield code="r">2012-08-31 00:00:00</subfield>
    <subfield code="t">1</subfield>
    <subfield code="w">2012-08-31</subfield>
    <subfield code="y">BK</subfield>
  </datafield>
</record>
